Histeria imperialista. " Quien intente apropiarse de Cuba recogerá el polvo de su suelo anegado en sangre, ni no perece en la lucha"
Guardat en:
| Autor corporatiu: | |
|---|---|
| Format: | Text |
| Publicat: |
La Habana:
Editora Política
|
| Matèries: | |
| Etiquetes: |
Afegir etiqueta
Sense etiquetes, Sigues el primer a etiquetar aquest registre!
|
MARC
| LEADER | 00000 a a2200000 04500 | ||
|---|---|---|---|
| 001 | 18034 | ||
| 003 | |||
| 040 | |a CRAI/IIS |c CRAI/IIS | ||
| 090 | |a 028200 | ||
| 110 | |a Partido Comunista de Cuba. Comité Central | ||
| 245 | |a Histeria imperialista. " Quien intente apropiarse de Cuba recogerá el polvo de su suelo anegado en sangre, ni no perece en la lucha" | ||
| 260 | |a La Habana: |b Editora Política | ||
| 300 | |a 8 col., 2 p. | ||
| 650 | |a IMPERIALISMO | ||
| 650 | |a AGRESION | ||
| 650 | |a SINDICALISMO | ||
| 650 | |a INSTITUCIONES RELIGIOSAS | ||
| 650 | |a ASPECTOS ECONOMICOS | ||
| 650 | |a INDEPENDENCIA | ||
| 650 | |a REVOLUCION | ||
| 999 | |c 16141 |d 16141 | ||
